000 00350 a2200157 4500
001 190540
020 _a
040 _cMagnum
100 _aVerne, Jules
240 1 0 _aAround the world in eighty days
_lING
245 1 0 _aAround the world in eighty days
300 _a64
362 0 _a2004
697 _aLITERATURA INFANTIL INGLESA
942 _cBK
999 _c190540
_d190540